[Event "FEDA International GM 2020"]
[Site "La Palma"]
[Date "2020.12.04"]
[Round "5.4"]
[White "Studer, Noel"]
[Black "Fier, Alexandr"]
[Result "0-1"]
[WhiteElo "2582"]
[BlackElo "2558"]
[Annotator "TA"]
[PlyCount "108"]
[EventDate "2020.11.29"]
[EventCountry "ESP"]
[SourceTitle "playchess.com"]
[Source "ChessBase"]
[SourceQuality "1"]

{[%evp 18,108,27,31,34,35,43,28,28,46,60,58,58,60,90,32,35,29,27,20,20,20,20,20,20,20,17,35,18,10,91,92,75,89,138,138,134,106,140,150,144,41,41,41,92,78,122,-81,-81,-81,-81,-81,0,-5,0,0,0,0,0,0,0,0,-7,-31,-35,-262,-262,-248,-85,-248,-247,-12826,-12832,-12835,-12838,-10807,-8307,-5046,-6404,-3884,-1667,-29949,-11869,-29947,-29940,-29949,-29956,-29964,-29963,-29979,-29980,-29979,-29979]} 1. d4 Nf6 2. c4 c5 3. d5 e6 4. Nc3 exd5 5. cxd5 d6 6. Nf3 g6 7. Bf4 a6 8. a4 Bg7 9. h3 O-O 10. e3 Ne8 {A61: Modern Benoni: Nf3 without early e4.} 11. Be2 Nd7 12. a5 Ne5 {[#] White has an edge.} 13. Bxe5 $146 ({Predecessor:} 13. Nd2 Bf5 14. e4 Bd7 15. O-O f5 16. exf5 Bxf5 17. Bg3 Nd3 18. Qb3 Rb8 19. Nc4 {1-0 (36) Prozorovsky,V (2404)-Volodarsky,Y (2356) ICCF email 2017}) 13... Bxe5 14. Nxe5 dxe5 15. Ne4 {[%cal Bc3e4,Be4d2,Bd2f3][%mdl 32]} b6 16. Qb3 ({White should try} 16. axb6 $16 Qxb6 17. O-O) 16... Bf5 $14 17. Nd2 b5 18. e4 Bd7 19. O-O Qg5 20. Nf3 Qe7 $1 21. Qe3 $36 {[%mdl 2048] White has some pressure.} Rc8 22. Rac1 {[%cal Ba1c1,Bc1c5,Bc5d5,Bd5d6][%mdl 32]} Nd6 23. Rxc5 Nc4 (23... Nf5 $1 $11 24. exf5 Qxc5) 24. d6 $1 $16 {[%cal Rd6e7]} Qxd6 25. Rd5 $1 {[%cal Rd5d6]} Nxe3 26. Rxd6 Nxf1 27. Rxd7 Ng3 28. fxg3 Rc2 29. Bf1 (29. Bd3 $16 Rxb2 30. Nxe5) 29... Rxb2 $14 30. Rd6 f5 (30... Rc8 $14) 31. Bd3 $16 {Threatens to win with exf5.} ({Don't blunder} 31. Rxa6 $2 fxe4 32. Nh2 (32. Nxe5 $2 Rb1 $19) 32... e3 $19) 31... Rb4 32. exf5 $2 ({But not} 32. Rxa6 $2 fxe4 33. Bxe4 Rxe4 $19) (32. Ng5 $1 $16) 32... e4 $17 33. Bxe4 Rxe4 34. fxg6 hxg6 (34... Rb8 $1 $17) 35. Rxa6 {[%mdl 4096] Endgame KRR-KRN} Rb8 36. Rxg6+ Kf7 37. Rc6 {Hoping for Ng5+.} Ke7 38. a6 Ra4 39. Ne5 b4 {[%cal Bb5b4,Bb4b3][%mdl 32] White must now prevent ...b3.} 40. Rh6 $1 Rb5 {[%mdl 1024] Black has compensation.} 41. Nd3 $2 (41. Nc6+ $15 Kd7 42. Nd4) 41... b3 $19 42. Rh7+ Kf6 $2 (42... Kd6 $1 $19 {has better winning chances. And now ...b2 would win.} 43. Nb2 Ra2) 43. Rb7 $2 (43. Nb2 $17 Kg6 44. Rb7 (44. Nxa4 $2 {is the wrong capture.} Kxh7 45. Nb2 Ra5 $19) 44... Rxb7 45. axb7) 43... Raa5 $1 44. Kf2 $2 {[#]} (44. Rxb5 Rxb5 45. Kf2) 44... Rxb7 $1 45. axb7 {KR-KN} Rb5 46. Nb2 Rxb7 47. Ke3 Rc7 48. Kd3 Ke6 49. g4 Kd5 50. g5 Rc2 {Black mates.} 51. Nd1 {[#]} Kc5 $1 52. g4 Kb4 53. Ke3 Rc1 54. Kd2 {[#]} Rxd1+ $1 {[%mdl 576] Promotion. What a bad dream for White.  Weighted Error Value: White=0.66/Black=0.12} 0-1

[Event "FEDA International GM 2020"]
[Site "La Palma"]
[Date "2020.12.04"]
[Round "5.5"]
[White "Gines Esteo, Pedro Antonio"]
[Black "Tejedor Fuente, Enrique"]
[Result "1-0"]
[WhiteElo "2437"]
[BlackElo "2442"]
[Annotator "TA"]
[PlyCount "117"]
[EventDate "2020.11.29"]
[EventCountry "ESP"]
[SourceTitle "playchess.com"]
[Source "ChessBase"]
[SourceQuality "1"]

{[%evp 13,117,0,0,0,0,0,0,0,0,0,22,-8,-16,-7,0,-11,-2,-13,-8,-12,-25,-17,-1,-160,0,0,0,0,0,0,55,58,70,61,56,76,69,-11,34,25,49,52,106,95,92,78,90,74,93,84,85,15,15,0,10,10,8,8,8,0,0,0,9,9,11,9,12,0,0,0,0,0,0,0,0,0,0,0,0,0,0,0,0,0,0,0,0,0,0,0,0,0,0,0,0,0,4618,4165,3004,2007,29984,29985,29986,29987,29987,29988]} 1. d4 e6 2. c4 Nf6 3. Nc3 Bb4 4. Qc2 O-O 5. e4 d5 6. e5 Ne4 7. Bd3 c5 8. Nf3 $1 {The main line 8.Nf3 scores better than 8.Nge2. E32: Nimzo-Indian: Classical (4 Qc2): 4...0-0.} cxd4 9. Nxd4 Nd7 10. Bf4 {The position is equal.} Qh4 11. g3 Qh5 12. h4 Nxe5 13. Be2 $1 {[%cal Re2h5]} Ng4 14. Bxg4 Qxg4 15. f3 Qh5 $1 (15... Bxc3+ $6 16. bxc3 Qh5 17. g4 $14 (17. fxe4 e5 $16)) 16. g4 Qg6 {White must now prevent ...Nxc3.} (16... Bxc3+ $6 17. bxc3 Qg6 18. fxe4 $14) 17. fxe4 e5 $1 {[%cal Re5d4]} 18. Nf5 $2 {[#]} (18. O-O-O $11 Bxc3 19. bxc3 exf4 20. cxd5) 18... Bxf5 $146 (18... exf4 19. O-O-O $11) (18... Qxg4 $17 19. Ne3 (19. Bxe5 $2 Bxc3+ 20. Bxc3 Bxf5 $19) 19... Qxf4 20. Nexd5 Bxc3+ 21. bxc3 Qf3) ({Predecessor:} 18... exf4 19. O-O-O dxe4 20. Nd5 Qxg4 21. Nh6+ gxh6 22. Nf6+ Kh8 23. Nxg4 Bxg4 24. Qxe4 Bxd1 25. Rxd1 Rad8 26. Qxf4 Rxd1+ 27. Kxd1 Rd8+ 28. Kc2 Kg7 29. c5 Ba5 30. b4 {1-0 (30) Ivanisevic,I (2604)-Baskin,R (2390) chess.com INT 2020}) 19. gxf5 $11 Qg4 $1 20. Bh2 d4 $1 {[%cal Rd4c3][%mdl 64] [#] Pin} (20... Qxh4+ 21. Kf1 $14) 21. a3 $1 {[%cal Ra3b4]} (21. Bxe5 $2 dxc3 22. bxc3 Rfe8 $19) 21... Ba5 ({Don't play} 21... d3 $6 22. Qxd3 Bxc3+ 23. bxc3 $16) ({Black should play} 21... Rfd8 $11 22. axb4 dxc3) 22. Rg1 $1 $14 {[%cal Rg1g4]} dxc3 23. b4 $1 $36 {[%mdl 2048] White is pushing.} Qxh4+ 24. Bg3 Qg5 25. Kf1 (25. bxa5 $14 Qe3+ 26. Kf1) 25... Bb6 26. c5 Qe3 {And now ...Bc7 would win.} 27. cxb6 Rfd8 (27... Qf3+ $14 28. Qf2 Qxe4) 28. Re1 ({But not} 28. Bxe5 $2 Rd2 $19) 28... Qf3+ 29. Qf2 Qd3+ 30. Qe2 f6 31. Qxd3 Rxd3 32. Bf2 (32. Bh4 $16 Kf7 33. bxa7 Rxa7 34. Ra1) 32... axb6 $11 33. Re3 Rxe3 34. Bxe3 {Bh6 is the strong threat.} Rxa3 {[%mdl 4096] Endgame KRB-KR} 35. Ke2 Rb3 36. Rc1 Rxb4 37. Kd3 Rb3 38. Kc4 Ra3 39. Bxb6 g5 40. Bc5 Ra4+ 41. Kd5 Ra5 42. Kd6 Ra6+ 43. Kd5 Ra5 {Strongly threatening ...b6.} 44. Kd6 Ra6+ 45. Kd5 h5 46. Rxc3 h4 47. Be3 Kg7 48. Rc7+ Kh6 49. Rxb7 Kh5 50. Bb6 Kg4 51. Bd8 h3 52. Rh7 Kg3 {[#] Threatens to win with ...g4.} 53. Bxf6 $1 {[%mdl 576] Remove Defender} Rxf6 54. Kxe5 {KR-KR} Rf8 $2 {[%mdl 8192]} (54... Ra6 $11) 55. f6 $18 g4 56. Kf5 Rxf6+ 57. Kxf6 {White mates.} Kf4 58. e5 g3 59. Rh4+ {Weighted Error Value: White=0.13/Black=0.23} 1-0

[Event "FEDA International GM 2020"]
[Site "La Palma"]
[Date "2020.12.05"]
[Round "6.1"]
[White "Nevednichy, Vladislav"]
[Black "Tejedor Fuente, Enrique"]
[Result "0-1"]
[WhiteElo "2546"]
[BlackElo "2442"]
[Annotator "TA"]
[PlyCount "92"]
[EventDate "2020.11.29"]
[EventCountry "ESP"]
[SourceTitle "playchess.com"]
[Source "ChessBase"]
[SourceQuality "1"]

{[%evp 15,92,29,56,11,28,0,2,0,30,26,9,30,34,18,26,12,20,4,8,0,0,0,0,0,0,0,0,0,0,0,0,0,0,-270,-269,-264,-252,-197,-189,-479,-318,-963,-963,-954,-931,-831,-792,-1353,-1254,-1223,-1199,-1717,-922,-6091,-6091,-6091,-6091,-6091,-6091,-6091,-5671,-6033,-5707,-6091,-5623,-5636,-5268,-5604,-5386,-2173,-1439,-6079,-5600,-5116,-5057,-2191,-1295,-702,-479]} 1. e4 c5 2. Nf3 e6 3. d4 cxd4 4. Nxd4 Nf6 5. Nc3 d6 6. g4 h6 7. h3 a6 8. Bg2 g5 9. O-O {B81: Sicilian Scheveningen: Keres Attack.} Nbd7 10. Nde2 Ne5 {[#]} 11. f4 $146 {The position is equal.} ({Predecessor:} 11. Ng3 b5 12. Nce2 Bb7 13. Nd4 Be7 14. Qe2 Qc7 15. Bd2 Ng6 16. Rfe1 Rc8 17. Rac1 {0-1 (47) Mazur,A (1731)-Antolak,J (2313) Katowice 2020}) 11... gxf4 12. Nxf4 Qb6+ 13. Kh2 Be7 14. Nd3 Bd7 15. Qe2 O-O-O 16. Nxe5 dxe5 17. Be3 Qxb2 18. Qc4+ Bc6 19. Rab1 Qxc2 {[#] White must now prevent ...Qd3.} 20. Rxb7 $1 {[%mdl 512]} Kxb7 21. Rb1+ {[#]} Qxb1 $1 22. Nxb1 Bb5 23. Qc1 Rd3 {Hoping for ...Rc8.} 24. a4 $2 {[%mdl 8192] White is now going downhill.} (24. Bg1 $1 $11 {and White has nothing to worry.}) 24... Rc8 $19 ({Worse is} 24... Bxa4 25. Nc3 $11) 25. Qb2 {aiming for Bd2.} Rxe3 26. axb5 a5 {Threatens to win with ...a4.} 27. b6 $2 (27. Qa2) 27... Rc6 {And now ...a4 would win.} 28. Qd2 $2 (28. Qa2) 28... Rb3 {Black is clearly winning.} 29. Qxa5 Rcxb6 30. Nd2 {[#]} Ra3 $1 {[%cal Ra3a5]} 31. Qxe5 {[#]} Bd6 $1 32. Qxd6 Rxd6 33. e5+ Rd5 34. exf6 Ra2 35. Ne4 Rd4 36. Nc3+ {[#]} Rxg2+ $1 37. Kxg2 {[%mdl 4096] Endgame KR-KN} Rd2+ 38. Kg1 Kc6 39. Ne4 Rd4 40. Ng3 Kd5 41. Kg2 Ke5 42. Nh5 Rd3 43. h4 Ra3 44. Kh2 Ke4 45. Kg2 Rb3 46. Ng7 Ke5 {Weighted Error Value: White=1.27/Black=0.60} 0-1

[Event "FEDA International GM 2020"]
[Site "La Palma"]
[Date "2020.12.05"]
[Round "6.2"]
[White "Fier, Alexandr"]
[Black "Gines Esteo, Pedro Antonio"]
[Result "1-0"]
[WhiteElo "2558"]
[BlackElo "2437"]
[Annotator "TA"]
[PlyCount "81"]
[EventDate "2020.11.29"]
[EventCountry "ESP"]
[SourceTitle "playchess.com"]
[Source "ChessBase"]
[SourceQuality "1"]

{[%evp 33,81,19,23,24,25,19,19,20,24,6,35,21,76,36,79,25,39,17,48,41,67,48,155,53,56,58,50,50,52,54,52,58,569,569,598,528,1189,0,1186,1188,1189,1188,1174,1137,1633,1608,29996,972,29997,29998]} 1. e4 e5 2. Nf3 Nc6 3. Bb5 a6 4. Ba4 Nf6 5. O-O Be7 6. Re1 b5 7. Bb3 d6 8. c3 O-O 9. h3 Nb8 10. d4 Nbd7 11. Nbd2 Bb7 12. Bc2 Re8 13. Nf1 Bf8 14. Ng3 g6 15. a4 c5 16. d5 c4 17. Bg5 Bg7 18. Nh2 {C95: Closed Ruy Lopez: Breyer Variation with 10 d4.} h5 {[#]} 19. Ngf1 $146 ({Predecessor:} 19. Nf3 Nc5 20. Be3 Nfd7 21. Nh2 Bf8 22. axb5 axb5 23. Rxa8 Bxa8 24. Nxh5 gxh5 25. Qxh5 {0-1 (36) Libersan,T (2085)-Lesiege,A (2521) Montreal 2016}) 19... Qc7 20. Nd2 {The position is equal.} Nc5 21. Qe2 Nh7 22. Be3 Qd7 (22... Nf8 $11) 23. Rf1 (23. Bxc5 $5 dxc5 24. b3 $16) 23... Re7 24. Kh1 (24. axb5 $16 axb5 25. Rxa8+ Bxa8 26. Ra1) 24... Qc7 $11 25. Rg1 Rf8 26. g4 hxg4 27. Nxg4 Nf6 {[#]} ({Black should try} 27... Kh8 $14) 28. Nh6+ (28. Nxf6+ $1 $16 Bxf6 29. Qf3) 28... Kh7 $14 29. Qf3 $1 Ree8 30. Nf5 Rh8 31. Bg5 Ncd7 $1 32. Nf1 Nh5 $2 {[%mdl 8192] [#]} (32... Kg8 $14) 33. Qxh5+ $3 $18 {[%mdl 512]} Kg8 (33... gxh5 34. Bd8) 34. Bh6 gxh5 35. Rxg7+ $40 {[%mdl 128] Black needs to defend precisely.} Kf8 {[#] ...Rxh6! is the strong threat.} 36. Rg6+ $1 {[%mdl 64] Discovered Attack} Rxh6 37. Rxh6 {[%cal Rh6h8]} Kg8 38. N1g3 {[%cal Bf1g3,Bg3h5,Bh5f6][%mdl 32]} Nf8 39. Nxh5 {[%cal Rh5f6]} Ng6 40. Nf6+ Kf8 41. Rg1 {Weighted Error Value: White=0.15/Black=0.75} 1-0

[Event "FEDA International GM 2020"]
[Site "La Palma"]
[Date "2020.12.05"]
[Round "6.3"]
[White "Suarez Gomez, Julio"]
[Black "Studer, Noel"]
[Result "1/2-1/2"]
[WhiteElo "2442"]
[BlackElo "2582"]
[Annotator "TA"]
[PlyCount "61"]
[EventDate "2020.11.29"]
[EventCountry "ESP"]
[SourceTitle "playchess.com"]
[Source "ChessBase"]
[SourceQuality "1"]

{[%evp 10,61,26,19,27,27,40,43,78,47,47,54,88,0,-12,0,94,91,79,88,100,75,106,91,122,106,91,28,44,47,54,46,50,55,63,7,6,0,0,0,0,0,0,0,0,0,0,0,1,0,0,0,0,0]} 1. e4 c5 2. Nf3 Nc6 3. Bb5 e6 4. O-O Nge7 5. d4 cxd4 6. Nxd4 a6 {Threatens to win with ...Nxd4. 6...Ng6 is a critical line. B30: Sicilian: 2...Nc6 3 Bb5, lines without ...g6.} 7. Be2 Qc7 8. Be3 b5 {White is slightly better.} 9. a4 b4 10. Nd2 {[#]} Bb7 $146 ({Predecessor:} 10... Nxd4 11. Bxd4 Nc6 12. Nc4 Nxd4 13. Qxd4 Qc5 14. Rad1 Qxd4 15. Rxd4 Bc5 16. Nd6+ Ke7 17. Nxc8+ Raxc8 {½-½ (29) Buksa,N (2437)-Fedorov,A (2568) Vilnius 2018}) 11. Nc4 (11. N4b3 $16) 11... d5 $11 12. Nxc6 {aiming for Nb6.} Bxc6 {[#]} (12... dxc4 $11 {keeps the balance.} 13. Nxb4 Ng6) 13. Bb6 $1 $16 {[%cal Rb6c7]} Qb8 14. exd5 exd5 15. Qd4 dxc4 16. Bxc4 {Black must now prevent Rfe1.} Nf5 17. Rfe1+ Be7 {[#]} 18. Qc5 (18. Rxe7+ $1 $16 {[%mdl 512]} Nxe7 (18... Kxe7 19. Bc5+) 19. Re1 (19. Qxg7 Rf8 $11)) 18... Qc8 {...0-0 is the strong threat.} 19. Bd3 O-O 20. Qxf5 Qxf5 21. Bxf5 Bf6 22. Bc5 ({White should try} 22. Rab1 $14) 22... Bxb2 $11 {The position is equal.} 23. Bxf8 ({Don't play} 23. Bxb4 Bxa1 24. Rxa1 (24. Bxf8 $2 Bc3 $19) 24... Rfd8 $17) 23... Kxf8 24. Rab1 ({Avoid the trap} 24. Bxh7 $2 Bxa1 25. Rxa1 g6 $19) 24... Bc3 25. Be4 $1 {[%cal Re4c6]} ({Wrong is} 25. Bxh7 $2 Bxe1 26. Rxe1 g6 $19) 25... Re8 26. Bxc6 {[%csl Gc6][%cal Re1e8]} Rxe1+ 27. Rxe1 Bxe1 28. Kf1 Bc3 29. a5 Be5 30. Bb7 Bc7 31. Bxa6 {Accuracy: White = 79%, Black = 74%.} 1/2-1/2

[Event "FEDA International GM 2020"]
[Site "La Palma"]
[Date "2020.12.05"]
[Round "6.4"]
[White "Martin Duque, Jesus"]
[Black "Espinosa Aranda, Angel"]
[Result "1/2-1/2"]
[WhiteElo "2422"]
[BlackElo "2500"]
[Annotator "TA"]
[PlyCount "123"]
[EventDate "2020.11.29"]
[EventCountry "ESP"]
[SourceTitle "playchess.com"]
[Source "ChessBase"]
[SourceQuality "1"]

{[%evp 11,123,20,34,23,31,28,27,30,27,30,23,25,56,56,60,4,27,16,47,62,77,50,55,69,56,0,0,0,1,0,0,0,0,0,0,0,0,0,0,0,0,0,5,0,12,0,0,0,22,0,10,12,16,22,27,28,47,0,33,0,30,0,0,0,0,0,0,-9,-16,-12,-15,0,0,0,0,0,7,0,0,0,0,0,0,0,0,0,0,0,6,6,14,15,29,29,29,29,29,29,29,29,29,29,29,29,29,29,29,29,29,31,31,31,37,39]} 1. e4 c5 2. Nf3 e6 3. d4 cxd4 4. Nxd4 Nf6 5. Nc3 Nc6 6. Ndb5 Bc5 7. Nd6+ {B45: Sicilian Four Knights.} Ke7 $1 8. Bf4 e5 9. Nf5+ {White has an edge.} Kf8 10. Bg5 d6 11. Bd3 Bxf5 12. exf5 d5 13. O-O (13. Bxf6 $14 gxf6 14. O-O) 13... Be7 {[#]} 14. Bb5 $146 ({Predecessor:} 14. Re1 a6 15. a3 Kg8 16. Be2 Ne8 17. Bxe7 Nxe7 18. Bf1 e4 19. f3 Qb6+ 20. Kh1 {½-½ (27) Nicolenco,S (2126)-Galvan,J (2203) LSS email 2009}) 14... Nd4 15. Ba4 Qa5 16. Bb3 Rd8 17. Re1 h6 18. Bh4 ({Much worse is} 18. Rxe5 hxg5 19. Rxe7 (19. Qxd4 $2 Bc5 $17) 19... Nxc2 $17) (18. Bxf6 $14 Bxf6 19. Bxd5) 18... Nxf5 $11 19. Bxf6 Bxf6 20. Nxd5 Ne7 {[%cal Re7d5]} 21. c4 g6 22. Qf3 Nxd5 23. cxd5 Rd6 24. Re4 Kg7 25. h4 h5 26. Rc1 Re8 27. Qe3 a6 28. Qe2 Red8 29. Rc3 Kg8 30. Qc2 Bg7 31. a3 b5 32. Rc7 Qb6 33. Re3 Qd4 34. Re4 Qb6 35. Re3 Qd4 36. Rf3 Rf8 37. Rc6 e4 38. Rf4 Rf6 39. Rxe4 Rxf2 $1 40. Rxd4 (40. Qxf2 Qxe4 41. Kh1 Bd4 $19) 40... Rxc2 41. Rd3 Rxc6 42. dxc6 {[%mdl 4096] [#] Endgame And now c7 would win. KRB-KRB} Rc8 $1 43. Bd5 Be5 44. Kf1 Kf8 45. Rf3 f6 46. b3 Ke7 47. Rd3 Rd8 48. Ke2 f5 49. a4 bxa4 50. bxa4 Kf6 51. Bc4 Rxd3 52. Kxd3 {KB-KB} a5 53. Bg8 g5 54. hxg5+ Kxg5 55. Kc4 {[#] Black must now prevent Kb5.} Kf6 56. Kb5 {Strongly threatening Kb6.} Bc7 $1 57. Ka6 {Threatens to win with Kb7.} Ke7 $1 58. Kb7 Kd8 $1 59. Be6 f4 $1 60. Bf7 h4 61. Bd5 Bd6 62. Bf3 {Weighted Error Value: White=0.08/Black=0.04} 1/2-1/2

[Event "FEDA International GM 2020"]
[Site "La Palma"]
[Date "2020.12.05"]
[Round "6.5"]
[White "Vasquez Schroeder, Rodrigo"]
[Black "Vega Gutierrez, Sabrina"]
[Result "1/2-1/2"]
[WhiteElo "2441"]
[BlackElo "2368"]
[Annotator "TA"]
[PlyCount "30"]
[EventDate "2020.11.29"]
[EventCountry "ESP"]
[SourceTitle "playchess.com"]
[Source "ChessBase"]
[SourceQuality "1"]

{[%evp 29,30,0,21]} 1. e4 e5 2. Nf3 Nc6 3. Bb5 a6 4. Ba4 Nf6 5. O-O Be7 6. Re1 b5 7. Bb3 d6 8. c3 O-O 9. h3 Bb7 10. d4 Re8 11. Ng5 Rf8 12. Nf3 Re8 13. Ng5 Rf8 14. Nf3 Re8 {[#]} 15. Ng5 $146 ({Predecessor:} 15. Nbd2 Bf8 16. a3 g6 17. Ba2 Bg7 18. b4 exd4 19. cxd4 a5 20. Rb1 axb4 21. d5 Ne5 22. Nxe5 dxe5 23. Rxb4 c6 24. dxc6 Bxc6 25. Qf3 Bf8 26. Rb1 {1-0 (33) Topalov,V (2740)-Mamedyarov,S (2790) Shamkir 2019}) 15... Rf8 1/2-1/2

[Event "FEDA International GM 2020"]
[Site "La Palma"]
[Date "2020.12.06"]
[Round "7.1"]
[White "Vega Gutierrez, Sabrina"]
[Black "Nevednichy, Vladislav"]
[Result "1-0"]
[WhiteElo "2368"]
[BlackElo "2546"]
[Annotator "TA"]
[PlyCount "82"]
[EventDate "2020.11.29"]
[EventCountry "ESP"]
[SourceTitle "playchess.com"]
[Source "ChessBase"]
[SourceQuality "1"]

{[%evp 14,82,35,-12,-14,-19,0,0,-14,-20,0,-34,-16,-14,0,0,0,-2,-13,-42,-37,-91,-84,-290,-295,-285,-288,-304,-314,-383,-363,-387,-331,-400,-399,-431,-423,-440,-396,-608,-594,-559,-310,-315,-280,-287,-290,-264,-298,-294,-296,-644,-646,-646,29985,29986,29986,29987,29987,1511,1649,1597,1347,1254,29992,2431,2050,1937,2108,1341,1341]} 1. d4 Nf6 2. c4 e6 3. Nf3 d5 4. Nc3 Nbd7 5. cxd5 exd5 6. Bf4 c6 7. Qc2 Be7 {7...Nh5 deserves study.} 8. e3 Nh5 {D35: Queen's Gambit Declined: Exchange Variation.} 9. Be5 Nxe5 10. dxe5 g6 {The position is equal.} 11. O-O-O Qa5 {[#]} 12. h3 $146 ({Predecessor:} 12. Nd4 Be6 13. Be2 Ng7 14. g4 Bb4 15. Nb3 Qb6 16. Na4 Qc7 17. f4 Be7 18. Kb1 {1-0 (47) Miles,A (2560)-Hartston,W (2430) Edinburgh 1985}) 12... Ng7 13. Nd4 Ne6 14. f4 Bc5 15. Qd2 Bb4 16. Nb3 Qb6 17. Bd3 {[#]} ({White should try} 17. Nd4 $15) 17... a5 $1 $17 {[%cal Ra5a4] Threatens to win with ...a4.} 18. a4 $2 (18. Na1 $17) 18... Bxc3 $19 {[%mdl 64] Discovered Attack, Overworked Piece} 19. Qxc3 Qxe3+ {[%mdl 64] Double Attack} 20. Kb1 Qxf4 21. Bc2 Qxa4 22. h4 Qb4 23. Qe3 a4 {[%cal Ba5a4,Ba4a3,Ba3a2][%mdl 32]} 24. Nc1 a3 {[%csl Ga3][%cal Rb4b2]} 25. b3 Qc5 26. Qd2 {[#]} (26. Qxc5 $142 Nxc5 27. Ka2) 26... a2+ $1 27. Ka1 (27. Nxa2 Qa7) 27... d4 28. h5 Qxe5 {( -> ...d3+)} 29. Nd3 Qg5 30. hxg6 fxg6 31. Qb4 Qa5 32. Qd6 $2 (32. Qxa5 Rxa5 33. b4) 32... Qc3+ {[%mdl 64] Double Attack} 33. Nb2 Qc5 $4 {[%mdl 8192] [#]} (33... Qxc2 $19 34. Rhe1 Qf5) 34. Bxg6+ $1 {[%mdl 512]} hxg6 35. Rxh8+ Kf7 36. Qh2 (36. Rf1+ $142 Qf5 37. Rxf5+ gxf5 38. Rh7+ Kg6 39. Qe7 b6 40. Qf7+ Kg5 41. Nc4 Kf4 42. Qh5 Ng5 43. Qh4#) 36... Qf5 37. Qh7+ Kf6 38. Re8 {Threatening mate with Qe7+.} b5 39. Qh4+ (39. Qe7+ $142 Ke5 40. Nd3+ Qxd3 41. Rxd3 Ke4 42. Rg3 Kd5 43. Rxg6 Ra7 44. Qxa7) 39... g5 $18 {White is clearly winning.} 40. Qh8+ Kf7 41. Qg8+ Kf6 {Never resign too early!  Weighted Error Value: White=0.55/Black=0.63} 1-0

[Event "FEDA International GM 2020"]
[Site "La Palma"]
[Date "2020.12.06"]
[Round "7.2"]
[White "Espinosa Aranda, Angel"]
[Black "Vasquez Schroeder, Rodrigo"]
[Result "1-0"]
[WhiteElo "2500"]
[BlackElo "2441"]
[Annotator "TA"]
[PlyCount "43"]
[EventDate "2020.11.29"]
[EventCountry "ESP"]
[SourceTitle "playchess.com"]
[Source "ChessBase"]
[SourceQuality "1"]

{[%evp 9,43,4,10,-11,-6,-10,-4,-6,0,0,0,0,22,0,277,250,256,272,352,354,373,384,364,355,385,326,939,930,933,932,930,928,922,920,871,859]} 1. e4 c5 2. Nc3 d6 3. f4 g6 4. Nf3 Bg7 5. Bb5+ Bd7 6. Bc4 {B23: Closed Sicilian: Lines without g3.} Nc6 7. O-O e6 8. f5 $1 {[%mdl 4] The position is equal. outshines the older 8.d3.} exf5 9. Qe1 Nge7 10. d3 Ne5 (10... Nb4 $5 {[%cal Rb4c2]} 11. Qf2 Be6 $11) 11. exf5 Nxc4 $2 {[%mdl 8192] [#]} (11... Bxf5 $11 12. Nxe5 Bxe5) 12. f6 $1 $18 {[%mdl 512]} Bxf6 {aiming for ...Ne5.} 13. Nd5 $1 {[%cal Rd5f6]} Bg7 {[#] Hoping for ...Nb6.} 14. Bg5 $1 {[%cal Rg5e7]} ({Stronger than} 14. dxc4 Be6 $15) 14... Ne5 {[#]} ({Avoid the trap} 14... Bxb2 $2 15. Bxe7 Qa5 {[#]} 16. Nc7+ $1 {[%mdl 512]} Qxc7 17. Bxd6+ Be6 18. Bxc7 $18) 15. Bxe7 $146 ({Predecessor:} 15. Nxe5 dxe5 16. Bxe7 Qb8 17. Qf2 Be6 18. Qxc5 b6 19. Qc6+ Bd7 20. Nc7+ Kxe7 21. Rxf7+ Kxf7 22. Qxd7+ Kf6 23. Rf1+ {1-0 (23) Kadric,D (2522)-Vujacic,B (2213) Paracin 2018}) 15... Qb8 16. Bf6 O-O 17. Qh4 {White wants to mate with Qh6!} Nc6 $2 (17... Ng4 18. Ne7+ (18. Bxg7 Kxg7 19. Ng5 h6 $16) 18... Kh8 19. Bxg7+ Kxg7) 18. Ng5 {[%csl Gg5][%cal Rh4h7] White is clearly winning.} h5 19. Bxg7 Kxg7 {[#]} 20. Nxf7 $1 {[%mdl 512] Intending Qf6+ and mate.} Qe8 (20... Rxf7 21. Rxf7+) 21. Qf6+ {[%mdl 64] Double Attack} Kh7 22. Qf4 {White took control after the opening.  Weighted Error Value: White=0.01/Black=0.60} 1-0

[Event "FEDA International GM 2020"]
[Site "La Palma"]
[Date "2020.12.06"]
[Round "7.3"]
[White "Studer, Noel"]
[Black "Martin Duque, Jesus"]
[Result "0-1"]
[WhiteElo "2582"]
[BlackElo "2422"]
[Annotator "ChessBase"]
[PlyCount "108"]
[EventDate "2020.11.29"]
[EventCountry "ESP"]
[SourceTitle "playchess.com"]
[Source "ChessBase"]
[SourceQuality "1"]

1. d4 Nf6 2. c4 e6 3. Nc3 Bb4 4. e3 b6 5. Nge2 c5 6. a3 Ba5 7. Bd2 O-O 8. d5 exd5 9. cxd5 Bb7 10. Nf4 d6 11. Be2 Bxc3 12. Bxc3 Ne4 13. Qc2 Nxc3 14. Qxc3 Qg5 15. Nh5 Nd7 16. f4 Qg6 17. Rd1 f5 18. O-O Qf7 19. Ng3 Nf6 20. Bc4 g6 21. Rfe1 Rfe8 22. Qd3 Re7 23. Re2 a6 24. a4 b5 25. axb5 axb5 26. Bxb5 Bxd5 27. Red2 Rb8 28. Qe2 Bb3 29. Rc1 Nd5 30. Bc6 Nxe3 31. Qf3 Ng4 32. Rxd6 Re3 33. Qf1 Qe7 34. Rd7 Qh4 35. h3 Qxg3 36. hxg4 Rbe8 37. Rb7 Re1 38. Bxe8 Rxf1+ 39. Rxf1 Bd5 40. Bf7+ Bxf7 41. gxf5 gxf5 42. Rf3 Qe1+ 43. Kh2 Qh4+ 44. Kg1 Bd5 45. Rb8+ Kf7 46. Rf2 Qg3 47. Rd8 Ke6 48. Re8+ Kf7 49. Re5 Qd3 50. Re1 Be4 51. Rc1 c4 52. Ra1 Qd4 53. Re1 h5 54. g3 c3 0-1